书目信息 |
| 题名: |
雁门集
|
|
| 作者: | 萨都拉 著 | |
| 分册: | ||
| 出版信息: | 上海 上海古籍出版社 1982.01 |
|
| 页数: | 451 | |
| 开本: | 20cm | |
| 丛书名: | 中国古典文学丛书 | |
| 单 册: | ||
| 中图分类: | I222.747 | |
| 科图分类: | ||
| 主题词: | ||
| 电子资源: | ||
| ISBN: | ||
| 000 | 00477nam0 2200181 45 | |
| 001 | 0181024218 | |
| 005 | 20060812152244.92 | |
| 010 | @dCNY1.80 | |
| 100 | @a20810111d km y0chiy0120 ea | |
| 101 | 0 | @achi |
| 200 | 1 | @AYAN MEN JI@F( YUAN) SA DU LA ZHU@a雁门集@f(元)萨都拉著 |
| 210 | @a上海@c上海古籍出版社@d1982.01 | |
| 215 | @a451@c无图表@d20cm | |
| 225 | @a中国古典文学丛书 | |
| 690 | @aI222.747 | |
| 701 | 0 | @a萨都拉@4著 |
| 801 | @aCN@bTSTC@c20060812 | |
| 905 | @dI222.747@e280 | |
| 雁门集/(元)萨都拉著.-上海:上海古籍出版社,1982.01 |
| 451:无图表;20cm.-(中国古典文学丛书) |
| ISBN :CNY1.80 |
| ● |
| 相关链接 |
|
|
|
|
正题名:雁门集
索取号:I222.747/280
 
预约/预借
| 序号 | 登录号 | 条形码 | 馆藏地/架位号 | 状态 | 备注 |
| 1 | 0451368 | 204513687 | 密集书库/ [索取号:I222.747/280] | 在馆 | |
| 2 | 0451369 | 204513696 | 密集书库/ [索取号:I222.747/280] | 在馆 |